000 01744nam0a2200433 4500
001 RU\NLR\bibl\1234380
005 20250615115033.0
010 _a978-5-17-039244-5
_bАСТ(CIG)
010 _a978-5-271-13983-3
_bАстрель
_91500
021 _aRU
_b2008-26955
_91488
021 _aRU
_b2008-26989
_91490
035 _a(nilc)IZD\AST\2007\789999
035 _a(NLR Aleph) 001220630
090 _a136105
_c136105
100 _a20080306d2008 |||y0rusy50 ca
101 1 _arus
_ceng
102 _aRU
105 _aa |||||||||
200 1 _aСолнце. Занимательная астрономия
_eвсе тайны нашей звезды - Солнца
_f[Джей М. Пасачофф
_gпер. с англ. М. Заболотских]
210 _aМосква
_cАСТ
_cАстрель
_d2008
215 _a[XX], 332 с., 8 с. цв. ил.
_cил.
_d22
225 1 _aБольше никогда вы не почувствуете себя идиотом
225 1 _aThe Complete Idiot's Guide to
300 _aАвт. указан на обл.
320 _aУказ.: с. 320-332
517 0 _aЗанимательная астрономия
_zrus
607 _aСолнце
_jПопулярные издания
_91193971
_3RU\NLR\auth\66164467
686 _a0
_aКниги
_2TCC-BG
686 _a014
_aАстрономия
_2TCC-BG
686 _a0145
_aЗвездная астрономия
_2TCC-BG
686 _aВ652я9
700 1 _aПасачофф
_bД. М.
_gДжей М
_4070
801 0 _aRU
_bЛИБНЕТ
_c20080306
_gRCR
801 1 _aRU
_bЦУНБ Москва
_c20080325
_2rusmarc
801 2 _aRU
_bNLR
_c20080529
_grcr
830 _aCODE_OF_LIBNET\000006446
942 _cBOOK
980 _aNB